000 00574cam a2200193 a 4500
001 000004909
005 20200929151530.0
008 841205s1940 pr 001 p spa
040 _aDO-SdBNP
_bspa
_cBNPHU
082 _a861.6
_bD372a
100 1 _aDemar, Carmen,
_d1911-
_914197
245 1 0 _aAlas plegadas /
_cCamen Demar.
260 _aSan Juan :
_bBiblioteca de Autores Puertorriqueños,
_c[1940].
300 _a212 p. ;
_c19 cm.
500 _aPoemas.
504 _aIncluye índice
650 4 _aPoesía puertorriqueña
_91015
650 4 _aLiteratura puertorriqueña
_9250
999 _c4715
_d4715